| 000 | 00626nam a2200205Ia 4500 | ||
|---|---|---|---|
| 003 | IN-BaIIA | ||
| 008 | 211028s9999 xx 000 0 eng d | ||
| 020 | _a0-12-0038815-3 | ||
| 040 | _cIIA Library | ||
| 080 |
_a047.1:539.18 _bADV-15 |
||
| 100 |
_aBates, D. R. _94546 |
||
| 245 | 0 |
_aAdvanced in atomic and molecular physics _bvol.15 _cD. R. Bates and Benjamin Bederson |
|
| 260 |
_aNew York _bAcademic Press _c1979 |
||
| 300 | _axviii, 544p. | ||
| 650 | _aAstronomy and Astrophysics Thesaurus | ||
| 650 |
_aAtomic physics _91547 |
||
| 650 |
_aMolecular physics _91914 |
||
| 700 |
_aBederson, Benjamin _912247 |
||
| 942 | _cBK | ||
| 999 |
_c7140 _d7140 |
||